Central Library OPAC University of Rajshahi

Physical Applications of Stationary Time-Series : (Record no. 72283)

MARC details
000 -LEADER
fixed length control field 00887nam a2200265 a 4500
001 - CONTROL NUMBER
control field 72283
003 - CONTROL NUMBER IDENTIFIER
rucl marc code BD-RjUL
005 - DATE AND TIME OF LATEST TRANSACTION
control field 20211209082236.0
008 - FIXED-LENGTH DATA ELEMENTS--GENERAL INFORMATION
fixed length control field 170516s1980 nyua b 00110 eng d
020 ## - INTERNATIONAL STANDARD BOOK NUMBER
International Standard Book Number 085264261X
035 ## - SYSTEM CONTROL NUMBER
System control number (BD-RjUL)72500
040 ## - CATALOGING SOURCE
Original cataloging agency ANL
Transcribing agency ANL
Language of cataloging eng
Modifying agency BD-RjUL
041 ## - LANGUAGE CODE
Language code of text/sound track or separate title eng
082 0# - DEWEY DECIMAL CLASSIFICATION NUMBER
Classification number 622.159
Edition number 23
Author mark and year ROP 1980
100 1# - MAIN ENTRY--PERSONAL NAME
Personal name Robinson, Enders A.
Fuller form of name (Enders Anthony)
9 (RLIN) 213732
245 10 - TITLE STATEMENT
Title Physical Applications of Stationary Time-Series :
Remainder of title with special reference to digital data processing of seismic signals /
Statement of responsibility, etc. Enders A. Robinson.
260 ## - PUBLICATION, DISTRIBUTION, ETC. (IMPRINT)
Place of publication, distribution, etc. New York :
Name of publisher, distributor, etc. Charles Griffin,
Date of publication, distribution, etc. c1980.
300 ## - PHYSICAL DESCRIPTION
Pagination xi., 302 p. :
Illustrations ill. ;
Size 24 cm.
500 ## - GENERAL NOTE
General note Includes index.
504 ## - BIBLIOGRAPHY, ETC. NOTE
Bibliography, etc Bibliography: p. 296-297.
650 #0 - SUBJECT ADDED ENTRY--TOPICAL TERM
Topical term or geographic name as entry element Seismic reflection method
General subdivision Deconvolution.
9 (RLIN) 213733
Topical term or geographic name as entry element Petroleum.
9 (RLIN) 213734
Topical term or geographic name as entry element Gas, Natural.
9 (RLIN) 213735
942 ## - ADDED ENTRY ELEMENTS (KOHA)
Source of classification or shelving scheme Dewey Decimal Classification
Koha item type Books
Holdings
Lost status Source of classification or shelving scheme Damaged status Not for loan Collection code Permanent Location Current Location Shelving location Date acquired Source of acquisition Cost, normal purchase price Total Checkouts Full call number Date last seen Copy number Koha item type Coded location qualifier
  Dewey Decimal Classification   Not For Loan Non-fiction Central Library, University of Rajshahi Central Library, University of Rajshahi Reading Room 19/09/1984 Toppan Tulip 40.70   622.159 ROP 1980 16/05/2017 C-1 Books  
  Dewey Decimal Classification     Non-fiction Central Library, University of Rajshahi Central Library, University of Rajshahi   19/09/1984 Tappan 40.70   622.159 ROP 1980 16/05/2017 C-2 Books C-2